| 000 | 00599nam a22001457a 4500 | ||
|---|---|---|---|
| 040 | _cMCS (NUST) | ||
| 082 | _a005.8,KHA | ||
| 100 |
_aKhan, Qaiser _934942 |
||
| 245 |
_aIncrease the Entropy of True Random Number Generator / _cQaiser Khan |
||
| 260 |
_aRawalpindi _bMCS (NUST) _cNov 2016 |
||
| 300 | _ax, 55 p, | ||
| 505 | _aIntroduction (Page-1), Random Number Generators (Page-5), Analysis of Existing Post-Processing Techniques (Page-19), Proposed Scheme (Page-30), Experimental of Proposed Scheme (Page-40), Conclusion (Page-50). | ||
| 650 |
_aPG Thesis _935000 |
||
| 942 |
_2ddc _cTHE _k005.8,KHA |
||
| 999 |
_c608149 _d608149 |
||